[Event "10. Open Internacional de Galapagar"]
[Site "Galapagar ESP"]
[Date "2009.07.19"]
[Round "2.11"]
[White "Rojas Pozo, Jose Luis"]
[Black "Fernandez Garcia, Miguel Angel"]
[Result "1/2-1/2"]
[WhiteElo "1954"]
[BlackElo "2269"]
[PlyCount "121"]
[EventDate "2009.07.18"]
[EventType "swiss"]
[EventRounds "9"]
[EventCountry "ESP"]
[Source "lmi"]
[SourceDate "2009.07.18"]

1. d4 d5 2. c4 c6 3. Nf3 e6 4. e3 Bd6 5. Nc3 f5 6. Bd3 Nf6 7. Qc2 Ne4 8. O-O
Nd7 9. Nd2 O-O 10. f4 Ndf6 11. Nf3 Bd7 12. Ne5 Be8 13. Nxe4 dxe4 14. Be2 c5 15.
b3 Nd7 16. Bb2 cxd4 17. Bxd4 Nxe5 18. fxe5 Be7 19. Qb2 Qc7 20. b4 b6 21. Rac1
Rd8 22. c5 bxc5 23. Bxc5 Bxc5 24. Rxc5 Qb6 25. Qb3 Bf7 26. Rfc1 Rd5 27. Rc6 Qb8
28. Bc4 Rxe5 29. Bxe6 Bxe6 30. Rxe6 Kh8 31. Rec6 Rb5 32. Qc3 Qe5 33. Rc8 Kg8
34. Qxe5 Rxe5 35. R8c7 f4 36. exf4 Rxf4 37. Rxa7 h5 38. Rcc7 Rg5 39. Re7 h4 40.
Ra3 Rd5 41. g3 Rd1+ 42. Kg2 Rd2+ 43. Kh3 hxg3 44. Rxg3 Rff2 45. Rxe4 Rxh2+ 46.
Kg4 Rxa2 47. Kg5 Rh6 48. Rb3 Rg2+ 49. Rg4 Rd2 50. b5 Rd5+ 51. Kf4 Rb6 52. Rg5
Rd4+ 53. Ke3 Rd1 54. Rc5 Kf7 55. Rc7+ Kf6 56. Ke2 Rd5 57. Rf3+ Ke5 58. Rxg7
Rbxb5 59. Rg5+ Kd6 60. Rxd5+ Rxd5 61. Rd3 1/2-1/2

[Event "10. Open Internacional de Galapagar"]
[Site "Galapagar ESP"]
[Date "2009.07.19"]
[Round "2.12"]
[White "Adan Bermudez, Sergio"]
[Black "Ledo Galan, Jose Emilio"]
[Result "1-0"]
[WhiteElo "2265"]
[BlackElo "1969"]
[PlyCount "144"]
[EventDate "2009.07.18"]
[EventType "swiss"]
[EventRounds "9"]
[EventCountry "ESP"]
[Source "lmi"]
[SourceDate "2009.07.18"]

1. c4 Nf6 2. g3 g6 3. Bg2 Bg7 4. Nc3 d6 5. e3 O-O 6. Nge2 c5 7. O-O Nc6 8. d4
cxd4 9. exd4 a6 10. h3 Re8 11. Be3 Na5 12. b3 Rb8 13. a4 b6 14. Rc1 Bd7 15. Qc2
Qc7 16. Qa2 Rec8 17. Nf4 e6 18. Rfd1 Qd8 19. Nd3 Bc6 20. d5 exd5 21. cxd5 Bb7
22. Nb4 Nd7 23. Ne2 Nc5 24. Rb1 Ba8 25. Nd4 Qd7 26. Nbc6 Nxc6 27. dxc6 Bxc6 28.
Nxc6 Rxc6 29. b4 Ne6 30. Bxc6 Qxc6 31. b5 axb5 32. axb5 Qc7 33. Qd5 Be5 34. f4
Bg7 35. Qxd6 Qa7 36. Rbc1 Bf8 37. Qd7 Qa3 38. Qd3 Qb4 39. Qc4 Qb2 40. Rb1 Qf6
41. Ra1 Rd8 42. Rac1 Nc5 43. Rxd8 Qxd8 44. Ra1 Qd7 45. Kh2 h5 46. Ra8 Qb7 47.
Rxf8+ Kxf8 48. Bxc5+ bxc5 49. Qxc5+ Kg8 50. Qc6 Qe7 51. b6 Qe2+ 52. Qg2 Qb5 53.
b7 Kh7 54. h4 Qb6 55. Qd5 Qf2+ 56. Kh3 Qf1+ 57. Qg2 Qb1 58. Kh2 Qb6 59. Qf3
Qb2+ 60. Kh3 Qb1 61. f5 Kg7 62. fxg6 fxg6 63. Qc3+ Kh7 64. Qf3 Kg7 65. g4 hxg4+
66. Kxg4 Qg1+ 67. Kh3 Qb6 68. h5 Qe6+ 69. Kg2 Qa2+ 70. Kg3 Qb2 71. h6+ Kxh6 72.
Qf8+ Kh5 1-0

[Event "10. Open Internacional de Galapagar"]
[Site "Galapagar ESP"]
[Date "2009.07.19"]
[Round "2.13"]
[White "Osorio Ramos, Francisco"]
[Black "Castano Vanegas, Henry Augusto"]
[Result "0-1"]
[WhiteElo "1953"]
[BlackElo "2237"]
[PlyCount "88"]
[EventDate "2009.07.18"]
[EventType "swiss"]
[EventRounds "9"]
[EventCountry "ESP"]
[Source "lmi"]
[SourceDate "2009.07.18"]

1. d4 Nf6 2. Bg5 c5 3. d5 Qb6 4. Bxf6 gxf6 5. Qc1 d6 6. c4 f5 7. e3 e5 8. Ne2
h5 9. h4 Nd7 10. f3 Rg8 11. Kf2 Bh6 12. Nbc3 Nf6 13. Qc2 Bd7 14. Qb3 Qc7 15.
Nb5 Qb8 16. Nbc3 Ke7 17. Re1 a6 18. Qb6 Qf8 19. Rb1 Qg7 20. Nd1 Rab8 21. a3
Rgc8 22. Ndc3 Ne8 23. Ng3 Bxe3+ 24. Kxe3 Qxg3 25. Ke2 Qf4 26. Kd1 Nf6 27. Kc2
Rg8 28. Ne2 Qxc4+ 29. Nc3 Qf4 30. Rd1 Qh6 31. Rd2 Qf8 32. Bc4 Qd8 33. Qxd8+
Kxd8 34. a4 b5 35. axb5 axb5 36. Bf1 b4 37. Nd1 Ra8 38. Ne3 Ra1 39. Nc4 Kc7 40.
Ne3 f4 41. Nd1 b3+ 42. Kd3 Nxd5 43. Kc4 Rxd1 44. Rxd5 Be6 0-1

[Event "10. Open Internacional de Galapagar"]
[Site "Galapagar ESP"]
[Date "2009.07.19"]
[Round "2.14"]
[White "Ramirez Garcia, Jorge Alberto"]
[Black "Fernandez Garcia, Ignacio"]
[Result "1-0"]
[WhiteElo "2203"]
[BlackElo "1958"]
[PlyCount "51"]
[EventDate "2009.07.18"]
[EventType "swiss"]
[EventRounds "9"]
[EventCountry "ESP"]
[Source "lmi"]
[SourceDate "2009.07.18"]

1. e4 e6 2. d4 d5 3. Nc3 Nf6 4. Bg5 Bb4 5. e5 Bxc3+ 6. bxc3 h6 7. Bc1 Nfd7 8.
Qg4 g6 9. h4 c5 10. h5 g5 11. f4 f5 12. exf6 Nxf6 13. Qf3 Nc6 14. fxg5 hxg5 15.
Bxg5 Rf8 16. h6 cxd4 17. Bxf6 Rxf6 18. h7 Rxf3 19. Nxf3 Qa5 20. h8=Q+ Kd7 21.
Rh7+ Ne7 22. Qxd4 b5 23. Ne5+ Kd6 24. Rxe7 Qa4 25. Rf7 Qxc2 26. Qb4+ 1-0

[Event "10. Open Internacional de Galapagar"]
[Site "Galapagar ESP"]
[Date "2009.07.19"]
[Round "2.15"]
[White "Camarero Izquierdo, Juan Carlos"]
[Black "Perez Marco, Ricardo"]
[Result "0-1"]
[WhiteElo "1950"]
[BlackElo "2183"]
[PlyCount "94"]
[EventDate "2009.07.18"]
[EventType "swiss"]
[EventRounds "9"]
[EventCountry "ESP"]
[Source "lmi"]
[SourceDate "2009.07.18"]

1. e4 c5 2. Nf3 a6 3. d4 cxd4 4. Nxd4 Nf6 5. Nc3 e5 6. Nf5 d5 7. Qf3 d4 8. Ne2
Nc6 9. Bd2 Be6 10. h3 Rc8 11. g4 Nxe4 12. Qxe4 Bd5 13. Qd3 Bxh1 14. f3 Qd5 15.
Neg3 Bxf3 16. Kf2 e4 17. Nxe4 Ne5 18. Qxf3 Nxf3 19. Kxf3 g6 20. c4 dxc3 21. Ne3
cxd2 22. Nxd5 Rc1 23. Nxd2 Rxa1 24. Bc4 Bg7 25. b4 Rh1 26. Kg2 Rc1 27. Bb3 f5
28. gxf5 gxf5 29. Nc4 Bf8 30. Kf3 Kf7 31. Ne5+ Kg7 32. Nc4 Rh1 33. Kg2 Re1 34.
Na5 b6 35. Nc4 b5 36. Na5 Re4 37. Nc6 Bd6 38. Bd1 Rc8 39. Na7 Rc1 40. Bf3 Rc2+
41. Kf1 Bb8 42. Bxe4 fxe4 43. Nxb5 axb5 44. a3 Kg6 45. Ke1 Ra2 46. Nc3 Rxa3 47.
Nxb5 Rd3 0-1

[Event "10. Open Internacional de Galapagar"]
[Site "Galapagar ESP"]
[Date "2009.07.19"]
[Round "2.16"]
[White "Semprun Martinez, Fernando"]
[Black "Iagar, Razvan Gabriel"]
[Result "0-1"]
[WhiteElo "2179"]
[BlackElo "1949"]
[PlyCount "84"]
[EventDate "2009.07.18"]
[EventType "swiss"]
[EventRounds "9"]
[EventCountry "ESP"]
[Source "lmi"]
[SourceDate "2009.07.18"]

1. e4 e6 2. d4 d5 3. Nc3 Nf6 4. e5 Nfd7 5. f4 c5 6. Nf3 Nc6 7. Be3 cxd4 8. Nxd4
Bc5 9. Qd2 a6 10. O-O-O O-O 11. Qf2 Qe7 12. Bd3 Nxd4 13. Bxd4 b5 14. Kb1 Bb7
15. Rhe1 Bc6 16. f5 Bxd4 17. Qxd4 Rfb8 18. f6 Qc5 19. Qh4 g6 20. Qh6 Qf8 21.
Qf4 b4 22. Ne2 Bb5 23. Nd4 Bxd3 24. Rxd3 Rc8 25. h4 h6 26. Rg3 Kh7 27. Qd2 Rab8
28. h5 g5 29. Qd3+ Kh8 30. Qxa6 Nc5 31. Qa7 Rb7 32. Qa5 Ra8 33. Qxa8 Qxa8 34.
c3 Ne4 35. Rd3 bxc3 36. b3 Qa3 37. Re2 Qa6 38. Ree3 Ra7 39. a4 Rb7 40. Kc2 Rb4
41. Ne2 Qb7 42. Nxc3 Nxc3 0-1

[Event "10. Open Internacional de Galapagar"]
[Site "Galapagar ESP"]
[Date "2009.07.19"]
[Round "2.17"]
[White "Martin Duque, Jesus"]
[Black "Prada Lopez, Miguel Angel"]
[Result "0-1"]
[WhiteElo "1930"]
[BlackElo "2151"]
[PlyCount "52"]
[EventDate "2009.07.18"]
[EventType "swiss"]
[EventRounds "9"]
[EventCountry "ESP"]
[Source "lmi"]
[SourceDate "2009.07.18"]

1. e4 c5 2. Nf3 d6 3. d4 cxd4 4. Nxd4 Nf6 5. Nc3 g6 6. Be3 Bg7 7. f3 Nc6 8. Qd2
O-O 9. O-O-O Bd7 10. g4 Rc8 11. h4 Qa5 12. Nb3 Qc7 13. h5 Ne5 14. Be2 b5 15.
hxg6 fxg6 16. g5 b4 17. Nb5 Bxb5 18. gxf6 Bxe2 19. fxg7 Rxf3 20. Qxe2 Rxe3 21.
Qh2 Rh3 22. Qd2 Rxh1 23. Rxh1 Qc4 24. Nd4 Nf7 25. Qh2 h5 26. Qh3 e5 0-1

[Event "10. Open Internacional de Galapagar"]
[Site "Galapagar ESP"]
[Date "2009.07.19"]
[Round "2.19"]
[White "Avendano Mateos, Jose"]
[Black "Fernandez Blazquez, Diego"]
[Result "1/2-1/2"]
[WhiteElo "1925"]
[BlackElo "2108"]
[PlyCount "63"]
[EventDate "2009.07.18"]
[EventType "swiss"]
[EventRounds "9"]
[EventCountry "ESP"]
[Source "lmi"]
[SourceDate "2009.07.18"]

1. c4 Nf6 2. Nc3 c5 3. e4 Nc6 4. g3 g6 5. Bg2 Bg7 6. Nge2 O-O 7. O-O d6 8. d3
Rb8 9. Rb1 a6 10. Nd5 b5 11. h3 Nxd5 12. cxd5 Nd4 13. Be3 e5 14. dxe6 Bxe6 15.
b3 Qa5 16. Bxd4 cxd4 17. Rb2 Rbc8 18. f4 f5 19. Qd2 Qxd2 20. Rxd2 Rc7 21. Rc1
Rfc8 22. Rxc7 Rxc7 23. Kf2 a5 24. Ke1 a4 25. bxa4 bxa4 26. exf5 gxf5 27. Kd1 a3
28. Nc1 Rc3 29. Bf3 Bf6 30. g4 h6 31. Ne2 Rc5 32. Ng3 1/2-1/2

[Event "10. Open Internacional de Galapagar"]
[Site "Galapagar ESP"]
[Date "2009.07.19"]
[Round "2.20"]
[White "Arbunic Castro, Giovanna B"]
[Black "Castillo Sanz, Javier"]
[Result "1-0"]
[WhiteElo "2105"]
[BlackElo "1921"]
[PlyCount "31"]
[EventDate "2009.07.18"]
[EventType "swiss"]
[EventRounds "9"]
[EventCountry "ESP"]
[Source "lmi"]
[SourceDate "2009.07.18"]

1. e4 g6 2. d4 c6 3. Nc3 d5 4. h3 Bg7 5. Be3 Nf6 6. e5 Ne4 7. Nxe4 dxe4 8. Bc4
c5 9. c3 Qb6 10. Qd2 cxd4 11. cxd4 O-O 12. Ne2 Rd8 13. Qc3 Be6 14. d5 Bxe5 15.
Bxb6 Bxc3+ 16. Nxc3 1-0

[Event "10. Open Internacional de Galapagar"]
[Site "Galapagar ESP"]
[Date "2009.07.19"]
[Round "2.21"]
[White "Fernandez Garcia, Javier"]
[Black "Anton Veiga, Juan Carlos"]
[Result "0-1"]
[WhiteElo "1923"]
[BlackElo "2090"]
[PlyCount "72"]
[EventDate "2009.07.18"]
[EventType "swiss"]
[EventRounds "9"]
[EventCountry "ESP"]
[Source "lmi"]
[SourceDate "2009.07.18"]

1. d4 Nf6 2. Nf3 e6 3. e3 b6 4. Bd3 Bb7 5. O-O c5 6. c4 cxd4 7. exd4 d5 8. cxd5
Bxd5 9. Ne5 Be7 10. Bb5+ Nfd7 11. Nc3 a6 12. Nxd5 axb5 13. Nxf7 Kxf7 14. Qf3+
Nf6 15. Nxf6 Ra7 16. Ng4+ Kg8 17. Bf4 Bd6 18. Nh6+ gxh6 19. Qg4+ Kf7 20. Qh5+
Ke7 21. Qxh6 Qg8 22. Bxd6+ Kxd6 23. Qf4+ Kd7 24. d5 exd5 25. Rfd1 Kc8 26. Rac1+
Kb7 27. Rc7+ Ka8 28. Rxa7+ Kxa7 29. Qc7+ Ka6 30. Rd3 b4 31. Qd6 Qc8 32. Qxd5
Nc6 33. Qc4+ Kb7 34. h3 Re8 35. Rd6 Qc7 36. Rf6 Re1+ 0-1

[Event "10. Open Internacional de Galapagar"]
[Site "Galapagar ESP"]
[Date "2009.07.19"]
[Round "2.22"]
[White "Lopez de Turiso, Jose Angel"]
[Black "Saiz Lopez, Antonio"]
[Result "1-0"]
[WhiteElo "2087"]
[BlackElo "1908"]
[PlyCount "27"]
[EventDate "2009.07.18"]
[EventType "swiss"]
[EventRounds "9"]
[EventCountry "ESP"]
[Source "lmi"]
[SourceDate "2009.07.18"]

1. e4 c5 2. Nf3 e6 3. c3 d5 4. exd5 Qxd5 5. d4 Nc6 6. Na3 a6 7. Nc4 Qd8 8. Be3
b5 9. Nce5 Qc7 10. Nxc6 Qxc6 11. dxc5 Bxc5 12. Ne5 Qe4 13. Nxf7 Bxe3 14. Nd6+
1-0

[Event "10. Open Internacional de Galapagar"]
[Site "Galapagar ESP"]
[Date "2009.07.19"]
[Round "2.23"]
[White "Montero Garcia, Francisco Javier"]
[Black "Lorite Cruz, Francisco"]
[Result "0-1"]
[WhiteElo "1912"]
[BlackElo "2084"]
[PlyCount "66"]
[EventDate "2009.07.18"]
[EventType "swiss"]
[EventRounds "9"]
[EventCountry "ESP"]
[Source "lmi"]
[SourceDate "2009.07.18"]

1. e4 d5 2. exd5 Qxd5 3. Nc3 Qa5 4. d4 Nf6 5. Nf3 c6 6. Bc4 Bf5 7. O-O e6 8.
Re1 Nbd7 9. a3 Qc7 10. Bg5 O-O-O 11. b4 h6 12. Bh4 g5 13. Bg3 Bd6 14. b5 Bxg3
15. hxg3 Nb6 16. Bf1 c5 17. a4 cxd4 18. a5 dxc3 19. Qb1 Ne4 20. axb6 Qxb6 21.
Re3 Kb8 22. Bd3 Nxg3 23. Bxf5 exf5 24. Ne5 f4 25. Rf3 Rhe8 26. Nc4 Qc5 27. b6
Ne2+ 28. Kf1 Qxc4 29. bxa7+ Ka8 30. Rd3 Rxd3 31. cxd3 Qc6 32. Ra2 Nd4 33. Qb4
c2 0-1

[Event "10. Open Internacional de Galapagar"]
[Site "Galapagar ESP"]
[Date "2009.07.19"]
[Round "2.25"]
[White "Pareja Alvarez, Diego"]
[Black "Torres Samper, Rafael"]
[Result "1/2-1/2"]
[WhiteElo "1906"]
[BlackElo "2061"]
[PlyCount "109"]
[EventDate "2009.07.18"]
[EventType "swiss"]
[EventRounds "9"]
[EventCountry "ESP"]
[Source "lmi"]
[SourceDate "2009.07.18"]

1. e4 c5 2. Nf3 d6 3. d4 cxd4 4. Nxd4 Nf6 5. Nc3 a6 6. f4 Qc7 7. Be3 b5 8. a3
Bb7 9. Bd3 Nbd7 10. Qf3 e6 11. g4 h6 12. O-O Nc5 13. Nb3 d5 14. Nxc5 Bxc5 15.
Bxc5 Qxc5+ 16. Rf2 h5 17. gxh5 O-O-O 18. Re1 d4 19. Ne2 Rxh5 20. c3 dxc3 21.
Nxc3 Rxd3 22. Qxd3 Ng4 23. Nd1 Nxf2 24. Nxf2 f5 25. Qe3 Qxe3 26. Rxe3 Rh4 27.
exf5 exf5 28. Rg3 Rxf4 29. Rxg7 Rc4 30. Nd3 Rc2 31. Rg3 Be4 32. b4 Kd7 33. h4
Kd6 34. Nf2 Ke5 35. h5 Kf4 36. Rh3 Rc1+ 37. Kh2 Rc2 38. Kg1 Rc1+ 39. Kh2 Rc7
40. h6 Rh7 41. Nxe4 fxe4 42. Kg2 Ke5 43. Kf2 Kd4 44. Ke2 e3 45. Rh4+ Kc3 46.
Kxe3 Kb3 47. Kf4 Kxa3 48. Kg5 Rc7 49. Rf4 a5 50. bxa5 b4 51. Kg6 b3 52. h7 b2
53. Rf1 Rc1 54. Rxc1 bxc1=Q 55. h8=Q 1/2-1/2

[Event "10. Open Internacional de Galapagar"]
[Site "Galapagar ESP"]
[Date "2009.07.19"]
[Round "2.27"]
[White "Takvor Mena, Samuel"]
[Black "Moreno Rodriguez, Jose M"]
[Result "0-1"]
[WhiteElo "1588"]
[BlackElo "2058"]
[PlyCount "128"]
[EventDate "2009.07.18"]
[EventType "swiss"]
[EventRounds "9"]
[EventCountry "ESP"]
[Source "lmi"]
[SourceDate "2009.07.18"]

1. e4 Nf6 2. e5 Nd5 3. c4 Nb6 4. d4 d6 5. exd6 cxd6 6. Nc3 g6 7. Nf3 Bg7 8. b3
O-O 9. Bb2 Nc6 10. Be2 Bg4 11. d5 Nb4 12. O-O Rc8 13. Qd2 Nd7 14. h3 Bxf3 15.
Bxf3 Nc5 16. Ne4 Bxb2 17. Qxb2 Nbd3 18. Qe2 Ne5 19. Nxc5 Rxc5 20. Rfe1 Qb6 21.
Be4 Rc7 22. Kh1 Nd7 23. Bc2 Nf6 24. f4 Nh5 25. Qf3 Qd4 26. f5 Qh4 27. g4 Nf6
28. Rf1 Nd7 29. Kh2 Ne5 30. Qf4 g5 31. Qe4 f6 32. Bd1 Kf7 33. Be2 Rh8 34. Qe3
b6 35. a4 Rb8 36. a5 Rcb7 37. a6 Rc7 38. Qd2 Rbc8 39. Qb4 Rc5 40. Ra2 Rh8 41.
Qc3 Rcc8 42. Kg2 Rcg8 43. Qd4 h5 44. Rh1 hxg4 45. Bxg4 Rh6 46. Raa1 Rgh8 47. b4
R6h7 48. Rac1 Rc8 49. Rc3 Qh6 50. Rhc1 Qg7 51. Re1 Rh4 52. Kg3 Qh6 53. Qe4 Qh7
54. Rh1 Qg8 55. Qe2 Kg7 56. Qe4 Qe8 57. b5 Qh8 58. Kg2 Qh7 59. Kg3 Rh8 60. Re1
Kf8 61. Rg1 Nxg4 62. hxg4 Rh2 63. Kf3 Qh3+ 64. Rg3 Qxg3+ 0-1

[Event "10. Open Internacional de Galapagar"]
[Site "Galapagar ESP"]
[Date "2009.07.19"]
[Round "2.28"]
[White "Martin Consuegra Barrilero, Javier"]
[Black "Garrido Dominguez, Jesus"]
[Result "0-1"]
[WhiteElo "1891"]
[BlackElo "2333"]
[PlyCount "72"]
[EventDate "2009.07.18"]
[EventType "swiss"]
[EventRounds "9"]
[EventCountry "ESP"]
[Source "lmi"]
[SourceDate "2009.07.18"]

1. d4 Nf6 2. Nf3 d6 3. Bf4 g6 4. e3 Bg7 5. Bd3 Nh5 6. Bg5 c5 7. c3 Nc6 8. Nbd2
cxd4 9. exd4 h6 10. Be3 Nf6 11. O-O Nd5 12. Qc2 O-O 13. Rae1 Kh8 14. a3 f5 15.
Nb3 e5 16. dxe5 Nxe3 17. Rxe3 dxe5 18. Bb5 e4 19. Bxc6 bxc6 20. Nfd4 Qb6 21.
Nd2 Ba6 22. Rd1 c5 23. Ne2 Rab8 24. b4 Bd3 25. Rxd3 exd3 26. Qxd3 Rbd8 27. Qc2
cxb4 28. axb4 Qd6 29. Ng3 Qd3 30. Qb3 Qxc3 31. Qe6 Rxd2 32. Rxd2 Qxd2 33. Qxg6
Bd4 34. h4 Bxf2+ 35. Kh2 Qf4 36. Kh3 Qg4+ 0-1

[Event "10. Open Internacional de Galapagar"]
[Site "Galapagar ESP"]
[Date "2009.07.19"]
[Round "2.29"]
[White "Ballesteros Gonzalez, David"]
[Black "Moreno Antonio, Mario"]
[Result "1-0"]
[WhiteElo "2236"]
[BlackElo "1890"]
[PlyCount "123"]
[EventDate "2009.07.18"]
[EventType "swiss"]
[EventRounds "9"]
[EventCountry "ESP"]
[Source "lmi"]
[SourceDate "2009.07.18"]

1. d4 d5 2. Nf3 Nf6 3. c4 e6 4. Nc3 Be7 5. Bg5 Nbd7 6. e3 O-O 7. Rc1 h6 8. Bh4
b6 9. cxd5 exd5 10. Bd3 Bb7 11. O-O a6 12. Qe2 Ne4 13. Bxe7 Qxe7 14. Nd2 Nxd2
15. Qxd2 Nf6 16. f3 Rfe8 17. Rfe1 Qd6 18. Ne2 Re7 19. Ng3 Qd8 20. a4 Bc8 21. a5
Be6 22. Qb4 b5 23. Rc6 Bd7 24. Rc5 g6 25. e4 dxe4 26. fxe4 Be8 27. d5 Nd7 28.
Rxc7 Qxc7 29. Qxe7 Qxa5 30. Re2 Qb6+ 31. Rf2 Qe3 32. Bf1 Rc8 33. b4 Nb6 34. d6
Nd7 35. Ne2 Nf8 36. e5 Qg5 37. Qxg5 hxg5 38. Nd4 Bd7 39. Ra2 Re8 40. Rxa6 Rxe5
41. Nc6 Bxc6 42. Rxc6 Rd5 43. Rc5 Rxd6 44. Rxb5 Ne6 45. Bc4 g4 46. Rb7 Kg7 47.
b5 Nd8 48. Rc7 Rb6 49. Kf2 Ne6 50. Rd7 Kf6 51. Kg3 Ng5 52. Kxg4 Ne6 53. h4 Rb8
54. Kf3 Ke5 55. Rd5+ Kf6 56. g4 Nc7 57. Rc5 Ne6 58. Rc6 Ke7 59. Ke4 Rd8 60.
Bxe6 fxe6 61. Rc7+ Kf8 62. b6 1-0

[Event "10. Open Internacional de Galapagar"]
[Site "Galapagar ESP"]
[Date "2009.07.19"]
[Round "2.30"]
[White "Leniz Martinez, Francisco"]
[Black "Salcedo Tornero, Pablo"]
[Result "0-1"]
[WhiteElo "1883"]
[BlackElo "2163"]
[PlyCount "64"]
[EventDate "2009.07.18"]
[EventType "swiss"]
[EventRounds "9"]
[EventCountry "ESP"]
[Source "lmi"]
[SourceDate "2009.07.18"]

1. Nf3 Nf6 2. d4 b6 3. c4 e6 4. Nc3 Bb7 5. Bg5 h6 6. Bh4 g5 7. Bg3 Bg7 8. h3 d6
9. Rc1 Nbd7 10. e3 Ne4 11. Nxe4 Bxe4 12. Bd3 Bxd3 13. Qxd3 O-O 14. O-O f5 15.
b4 Nf6 16. Nd2 Nh5 17. Bh2 f4 18. g4 fxg3 19. fxg3 Qd7 20. g4 Nf6 21. Ne4 Nh7
22. Ng3 Rxf1+ 23. Rxf1 Rf8 24. Rxf8+ Nxf8 25. Nh5 Qa4 26. Qb3 Qc6 27. Nxg7 Kxg7
28. Kf2 Qh1 29. Kg3 Qe1+ 30. Kg2 Qe2+ 31. Kg3 Ng6 32. Qa3 Nh4 0-1

[Event "10. Open Internacional de Galapagar"]
[Site "Galapagar ESP"]
[Date "2009.07.19"]
[Round "2.31"]
[White "Tevar Sanz, Gonzalo"]
[Black "Pascual Palomo, Lucia"]
[Result "0-1"]
[WhiteElo "1882"]
[BlackElo "2116"]
[PlyCount "92"]
[EventDate "2009.07.18"]
[EventType "swiss"]
[EventRounds "9"]
[EventCountry "ESP"]
[Source "lmi"]
[SourceDate "2009.07.18"]

1. d4 e6 2. Nf3 b6 3. Bf4 Bb7 4. e3 f5 5. Be2 Nf6 6. h3 Be7 7. Nbd2 c5 8. c3
Nc6 9. Nc4 d6 10. dxc5 dxc5 11. Nd6+ Bxd6 12. Qxd6 Qxd6 13. Bxd6 Ne4 14. Bf4
O-O 15. O-O Rae8 16. Ne5 g5 17. Nxc6 gxf4 18. Ne5 fxe3 19. fxe3 Ng3 20. Bb5
Nxf1 21. Bxe8 Nxe3 22. Bd7 Rf6 23. Kf2 Nd5 24. Rd1 Kg7 25. c4 Nf4 26. Be8 Rf8
27. Rd7+ Kf6 28. Rxb7 Kxe5 29. Bb5 Rg8 30. Bc6 Nd3+ 31. Kf3 Kd4 32. Bb5 Ne1+
33. Kf2 Nxg2 34. Rd7+ Ke5 35. Rxh7 Nf4 36. h4 Rg2+ 37. Kf3 Rxb2 38. a4 Rb3+ 39.
Kf2 Rh3 40. Be8 Ke4 41. h5 Rf3+ 42. Kg1 Ke3 43. Rg7 Rh3 44. h6 Rxh6 45. Rxa7 e5
46. Ra6 Kf3 0-1

[Event "10. Open Internacional de Galapagar"]
[Site "Galapagar ESP"]
[Date "2009.07.19"]
[Round "2.32"]
[White "Esquivias Gomez, Francisco Javier"]
[Black "Martinez Gomez, Ana Maria"]
[Result "1-0"]
[WhiteElo "2009"]
[BlackElo "1580"]
[PlyCount "49"]
[EventDate "2009.07.18"]
[EventType "swiss"]
[EventRounds "9"]
[EventCountry "ESP"]
[Source "lmi"]
[SourceDate "2009.07.18"]

1. e4 c5 2. Nc3 Nc6 3. f4 e6 4. Bc4 a6 5. a4 Nge7 6. d3 d5 7. Ba2 g6 8. Nf3 Bg7
9. O-O O-O 10. Qe1 b5 11. Qh4 dxe4 12. dxe4 Nd4 13. Nxd4 Qxd4+ 14. Qf2 Qxf2+
15. Kxf2 Bxc3 16. bxc3 Bb7 17. Ba3 Rac8 18. Rfe1 Rfd8 19. Ke3 Rd7 20. Red1 Rdc7
21. axb5 axb5 22. c4 b4 23. Bb2 Ra8 24. Bb3 Rxa1 25. Rd8# 1-0

[Event "10. Open Internacional de Galapagar"]
[Site "Galapagar ESP"]
[Date "2009.07.19"]
[Round "2.37"]
[White "Valderrama Arroyo, Victor"]
[Black "Ruiz Quevedo, Andres"]
[Result "0-1"]
[WhiteElo "1882"]
[BlackElo "1924"]
[PlyCount "64"]
[EventDate "2009.07.18"]
[EventType "swiss"]
[EventRounds "9"]
[EventCountry "ESP"]
[Source "lmi"]
[SourceDate "2009.07.18"]

1. d4 Nf6 2. c4 c5 3. d5 e5 4. dxe6 fxe6 5. Nc3 d5 6. e3 d4 7. exd4 cxd4 8. Nb5
Nc6 9. Nf3 Bb4+ 10. Bd2 Bc5 11. a3 a6 12. b4 Be7 13. Bf4 axb5 14. cxb5 Nb8 15.
Nxd4 O-O 16. Bc4 Nd5 17. Be5 Bf6 18. Bxd5 Qxd5 19. Bxf6 Qxg2 20. Rf1 Qe4+ 21.
Qe2 Qxe2+ 22. Kxe2 Rxf6 23. Rfc1 Rf8 24. Rc7 e5 25. Nb3 Bg4+ 26. Kf1 b6 27. Nd2
Nd7 28. Ne4 Nf6 29. Nxf6+ Rxf6 30. a4 Raf8 31. Ra2 e4 32. Re7 Be6 0-1

[Event "10. Open Internacional de Galapagar"]
[Site "Galapagar ESP"]
[Date "2009.07.19"]
[Round "2.38"]
[White "Tejeiro Orellana, Jose Antonio"]
[Black "Ruiz de Alegria Garcia, Carlos"]
[Result "0-1"]
[WhiteElo "1685"]
[BlackElo "1909"]
[PlyCount "138"]
[EventDate "2009.07.18"]
[EventType "swiss"]
[EventRounds "9"]
[EventCountry "ESP"]
[Source "lmi"]
[SourceDate "2009.07.18"]

1. e4 c5 2. Nf3 Nc6 3. d4 cxd4 4. c3 dxc3 5. Nxc3 d6 6. Bc4 g6 7. e5 Bg7 8. O-O
Nxe5 9. Nxe5 Bxe5 10. Re1 Nf6 11. Bh6 Ng4 12. Bb5+ Bd7 13. Qxg4 Bxc3 14. Bxd7+
Qxd7 15. Qxd7+ Kxd7 16. bxc3 Rac8 17. Rab1 b6 18. Be3 e5 19. Rbc1 Rc4 20. f4
Rhc8 21. fxe5 dxe5 22. Bd2 Ke6 23. Re2 f5 24. g3 Kf6 25. Rb1 g5 26. Rb4 f4 27.
gxf4 gxf4 28. Re4 Rxe4 29. Rxe4 Kf5 30. Re1 e4 31. Rf1 Rg8+ 32. Kf2 Ke5 33.
Bxf4+ Kxf4 34. Ke2+ Ke5 35. Rf7 Rg2+ 36. Ke3 Rxh2 37. Re7+ Kd5 38. Rd7+ Kc6 39.
Rxa7 Rh4 40. Re7 h5 41. Kd4 Rg4 42. Re5 h4 43. Rh5 Kd6 44. Rh6+ Kc7 45. Rh5 Kb7
46. a4 e3+ 47. Kxe3 Rxa4 48. Kd3 Ka6 49. Rh6 Ka5 50. Rh5+ b5 51. Kc2 Ra2+ 52.
Kb3 Rh2 53. Ka3 Kb6 54. Kb3 h3 55. Ka3 Rh1 56. Kb2 h2 57. Ka2 Kc6 58. Kb2 Kd6
59. Rh6+ Ke5 60. Rh5+ Kf4 61. Rh8 Ke3 62. Re8+ Kd3 63. Rd8+ Ke4 64. Re8+ Kf5
65. Rf8+ Kg6 66. Rf2 Kg5 67. Rd2 Kf4 68. Rd8 Rg1 69. Rf8+ Ke5 0-1

[Event "10. Open Internacional de Galapagar"]
[Site "Galapagar ESP"]
[Date "2009.07.19"]
[Round "2.40"]
[White "Julian Sierra, Rogelio"]
[Black "Santamaria Gago, Luis"]
[Result "1-0"]
[WhiteElo "2014"]
[BlackElo "1700"]
[PlyCount "41"]
[EventDate "2009.07.18"]
[EventType "swiss"]
[EventRounds "9"]
[EventCountry "ESP"]
[Source "lmi"]
[SourceDate "2009.07.18"]

1. e4 c5 2. Nf3 d6 3. Nc3 Nc6 4. Bc4 e6 5. O-O a6 6. a4 Be7 7. Re1 Na5 8. Ba2
Nf6 9. e5 Ng4 10. d4 cxd4 11. Qxd4 h5 12. h3 Nc6 13. Qe4 d5 14. Qf4 g5 15. Qg3
Nh6 16. Bxg5 Bxg5 17. Nxg5 Nf5 18. Qf4 Ncd4 19. Rad1 Nxc2 20. Re2 Ncd4 21. Rxd4
1-0